000 01133nam0a2200313 4500
001 RU\NLR\bibl\1312465
005 20260405194336.0
010 _a978-5-9717-0647-2
_97000
021 _aRU
_b2008-88810
_95186
035 _a(NLR Aleph) 001297898
090 _a600491
_c600491
100 _a20081225d2008 |||y0rusy50 ca
101 0 _arus
102 _aRU
105 _aa |||||||||
200 1 _aРазбойный приказ
_eотряд тайных дел
_fАндрей Посняков
_g[ил. Александра Мягина]
210 _aСанкт-Петербург
_cКрылов
_d2008
215 _a410 с.
_cил.
_d21
225 1 _aМужской клуб
225 1 _aИсторическая авантюра
686 _aШ6(2=Р)75-442
700 1 _aПосняков
_bА. А.
_gАндрей Анатольевич
_4070
702 1 _4440
_7ca
_8rus
_aМягин
_bА. А.
_cхудожник
_gАлександр Андреевич
_968993
_3RU\NLR\auth\7786065
801 0 _aRU
_bNLR
_c20081225
_gRCR
801 1 _aRU
_bNLR
_c20081225
942 _cBOOK
980 _aNB